000
00277 a2200133 4500
001
154040
040
_c
Escola São Tomás de Aquino
240
1
0
_a
Alguma poesia
_l
por
245
1
0
_a
Alguma poesia
362
0
_a
2002
440
1
_a
Record LTDA
697
_a
Poesia
942
_c
BK
999
_c
154040
_d
154040